00543nam a2200157Ia 4500008004100000020001800041041000800059082001600067100002200083245003000105260003300135300000900168500001000177999001700187952018100204220803s9999 xx 000 0 und d a9788172340117 aeng a720.954 RAN aRandhawa T925243 aKachchh The Last Frontier aKachchhbPrakash Booksc1994 a146p aARCHI c16066d16066 001040708Book of B ArchaBNCAbBNCAd2016-02-11eLiving And Learning Design Centerg1600.00l0o711.7 RANpBNCA-BK-9724r2022-08-03 00:00:00v1600.00w2016-02-03yBKzB09724